000 00553nam a2200229Ia 4500
003 OSt
005 20220924152936.0
006 a|||||r|||| 00| 0
007 ta
008 220923b |||||||| |||| 00| 0 guj d
024 _a345988
037 _cTextual
040 _aARTS
_cARTS
_bguj
041 _2guj
_aguj
082 _aO156,1N23,1, J6
100 _aZaveri
_9227766
245 0 _aVishram
260 _c1956
650 _aGUJRATI LITERATURE
942 _hO156,1N23,1, J6
_cTEXL
_2CC
999 _c471641
_d471641